Histoire par lettre - T - Statistiques

Statistiques générales
  • Ce quiz a été pris 141 fois
  • Le résultat moyen est 13 sur 20
Statistiques - réponses
Questions Réponses % Correct
Quelle ville japonaise a remplacé Edo comme capitale du Japon ? Tokyo
98%
Quelle Première Ministre du Royaume-Uni était surnommée la "Dame de Fer" ? Margharet Thatcher
86%
Quel bateau a coulé dans l'océan Atlantique au Printemps 1912 ? Titanic
86%
Dans quel pays actuel se situe cette ville ? Turquie
83%
Quel président américain a fait fortune dans l'immobilier, tout comme son père ? Donald Trump
80%
De quel pharaon le chercher Howard Carter a-t-il découvert le tombeau en 1922 ? Toutankhamon
80%
Quel président américain est associé à une doctrine anti-communiste, au lendemain de la Seconde Guerre Mondiale ? Harry Truman
79%
Quel écrivain russe a écrit "Guerre et Paix" ? Léon Tolstoi
76%
Quelle dynastie anglaise a pris fin en 1603, à la mort d'Elizabeth Ière, morte sans héritier ? Tudor
73%
Quelle ville d'Asie Mineure est au centre des récits de l'Iliade et de l'Odyssée ? Troie
71%
Quel homme a régné sur la Yougoslavie de 1945 à 1980 ? Josip Broz Tito
70%
Quelle république russe, frontalière de la Géorgie, est connue pour pourvoir de très bons combattants de MMA ? Tchétchénie
68%
Quel homme, prédestiné à être le dirigeant de l'URSS à la mort de Lénine, a été évincé du pouvoir par Staline ? Léon Trotski
65%
Quel emblématique monument, héritage de l'empire Moghol, est situé à Agra ? Taj Mahal
62%
Quelle bataille a vu la mort de l'amiral Nelson en 1805 ? Trafalgar
61%
Dans quelle ville a été créé le Parti Communiste Français ? Tours
51%
Quelle forme de gouvernement se caractérise par gouvernement absolu, oppressif et arbitraire ? Tyrannie
42%
Quel homme est le premier Président de la IIIème République ? Adolphe Thiers
41%
Quel bateau à trois rames faisait la force de la cité d'Athènes au Vème siècle notamment ? Trière
24%
Quel terme qualifie l'Etat dont la puissance réside dans la suprématie qu'il possède sur les mers, comme Athènes au Vème siècle (AVJC) ? Thalassocratie
23%
Aucun quiz correspondant
Distribution des résultats
% des personnes avec chaque résultat
Percentile par nombre de réponses
Votre historique - résultats
Vous n’avez pas pris ce quiz